Geography Quiz

Random Geography or World Quiz

5 to 1: World Capitals Quiz Stats

 Plays Quiz Updated Jan 20, 2019

Support Sporcle.
Go Orange.
Score 0/15 Timer 03:00
10 Plays Today
% Correct
Pyongyang
96.7%
Ottawa
91.7%
Baku
86.4%
Doha
86.1%
Wellington
85.6%
Bishkek
85.4%
San Salvador
85.3%
Vaduz
70%
% Correct
Paramaribo
68.5%
Luanda
66.8%
Suva
64.6%
Valletta
64.2%
Vientiane
64%
Maseru
58.5%
Belmopan
58.1%

From the Vault

Television Acrostic Puzzle

by bhenderson79

Did you ever think that all those hours spent on the couch would eventually help you solve a puzzle?
Remove Ads.
Support Sporcle.
Get the best of Sporcle when you Go Orange. This ad-free experience offers more features, more stats, and more fun while also helping to support Sporcle. Thank you for becoming a member.

Show Comments

Extras

Top Quizzes Today


Score Distribution

Your Account Isn't Verified!

In order to create a playlist on Sporcle, you need to verify the email address you used during registration. Go to your Sporcle Settings to finish the process.

Report this User

Report this user for behavior that violates our Community Guidelines.

Details: